00695 a2200169 4500020001700000082001800017100002000035245012100055260005500176300003600231650002000267650001700287650002800304999001500332952009700347952008100444 a007707713X : a624.15136 ATK aAtkinson, J. H. aAn introduction to the mechanics of soils and foundations :bthrough critical state soil mechanics /cJohn Atkinson. aLondon ;aNew York :bMcGraw-Hill Book Co.,c1993. axviii, 337 p. :bill. ;c25 cm. aSoil mechanics. aFoundations. aSlopes (Soil mechanics) c1045d1045 00104070aNITbNITcCEd0000-00-00l0o624.15136 ATKpNIT-171 r2017-01-05w2017-01-05yBK 00104070aNITbNITcCEd0000-00-00l0pNIT-172r2017-01-05w2017-01-05yBK